000 00482nam a22001937a 4500
003 OSt
005 20260609160055.0
008 260609b |||||||| |||| 00| 0 eng d
020 _a0879010401
040 _cChuka University Library
050 _aQH 308.2
_b.C87 1968
100 _aCurtis Helena
_928094
245 _aBiology
250 _a2nd Ed.
260 _aNew York
_bWorth
_c1968
300 _axxv, 1065P
_bColored Illustrations
650 _aBiology
942 _2lcc
_cBK
_n0
999 _c23730
_d23730